| 000 | 004790000a22001690004500 | ||
|---|---|---|---|
| 003 | MACL | ||
| 005 | 20160102153730.0 | ||
| 008 | 160102b xxu||||| |||| 00| 0 eng d | ||
| 040 |
_aMACL _cMACL |
||
| 041 | _aEnglish | ||
| 082 | _a820.09/RIC | ||
| 100 |
_aCompton, Arthur _927290 |
||
| 245 |
_aA History of English Literature _bfrom earlist times to 1916 |
||
| 260 |
_bUniversal Book Depot _c1981 _aNew Delhi |
||
| 650 |
_aEnglish Literature _927291 |
||
| 942 |
_cBK _k820.09/RIC _2ddc |
||
| 999 |
_c34429 _d34429 |
||